000 03710cam a22006254i 4500
003 PE-LiUPU
005 20250731165557.0
008 150625s1998 xxua r 000 0 spa d
020 _a8428520909
020 _a9788428520904
035 _a(Sirsi) i9788428520904
040 _aPE-LiUPU
_bspa
_cPE-LiUPU
_erda
049 _aPRUA
082 0 4 _a209
_bD96
_221
100 1 _aDué, Andrea,
_eautor.
245 1 0 _aAtlas histórico del cristianismo /
_cAndrea Dué.
250 _aSegunda edición.
264 1 _aMilán :
_bSan Pablo,
_c1998.
300 _a322 páginas :
_bilustraciones ;
_c32 centímetros
336 _atext
_2rdacontent
337 _aunmediated
_2rdamedia
338 _avolume
_2rdacarrier
505 0 _aEl mundo grecorromano -- Palestina en tiempos de Jesús -- El Cristo de la historia y de la fe -- Constantino y la libertad religiosa -- Concilios y credos -- Los padres de la Iglesia -- Decadencia de Roma y el bautismo -- La constitución de la Iglesia -- Las herejías medievales -- El Renacimiento -- La reforma protestante -- Las Iglesias reformadas. -El siglo de las luces -- La Revolución Francesa y la Iglesia -- América Latina -- El Concilio ecuménico Vaticano II -- Cronología V. Desde la Ilustración hasta nuestros días.
526 _aSEG44
526 _aSEG26
526 _aP151
526 _aP150
526 _aP149
526 _aP146
526 _aP145
526 _aP126
526 _aP125
526 _aP92
526 _aP75
526 _aP74
526 _aP27
526 _aP15
541 _g007-0020481;
541 _g007-0020527;
541 _g007-0017630;
650 1 4 _aCristianismo
_xHistoria
_vAtlas.
910 _bksl
_cksl
_d20190605
942 _2ddc
_cBOOK
949 _a209 D97
_wDEWEY
_c1
_i60931
_lCCODEBUL1
_mBUL
_p75.00
_r0
_sY
_tBOOK
_u2015-6-25
_xTEOLOGIA
_zUNKNOWN
_0COMPRA
_o.CIRCNOTE. No olvidar cambiar la fecha de devolución!!!!!!!
_o.STAFF. Colección Teología
949 _a209 D97
_wDEWEY
_c4
_i60908
_lCCODEBUL1
_mBUL
_p75.00
_r0
_sY
_tBOOK
_u2015-6-25
_xTEOLOGIA
_zUNKNOWN
_0COMPRA
_o.CIRCNOTE. No olvidar cambiar la fecha de devolución!!!!!!!
_o.STAFF. Colección Teología
949 _aRC 209 D97
_wDEWEY
_c2
_i55922
_lCCODEBUL1
_mBUL
_p75.00
_r0
_sY
_tBOOK
_u2015-6-25
_xTEOLOGIA
_zUNKNOWN
_0COMPRA
_o.CIRCNOTE. No olvidar cambiar la fecha de devolución!!!!!!!
_o.STAFF. Colección Teología
949 _aRC 209 D97
_wDEWEY
_c3
_i59255
_lCCODEBUL1
_mBUL
_r0
_sY
_tBOOK
_u2015-6-25
_xTEOLOGIA
_PP35
_0COMPRA
_o.CIRCNOTE. No olvidar cambiar la fecha de devolución!!!!!!!
_o.STAFF. Colección Teología
994 _aC0
_bPEPRU
596 _a1
999 _aRC 209 D96
_wDEWEY
_c44761
_i60931
_d44761
_f2021-11-8
_g7
_lCCODEBUL1
_mBUL
_p75.00
_q2
_r1
_sY
_tBOOK
_u2015-6-25
_xTEOLOGIA
_zUNKNOWN
_0COMPRA
_o.CIRCNOTE. No olvidar cambiar la fecha de devolución!!!!!!!
_o.STAFF. Colección Teología
999 _aRC 209 D96
_wDEWEY
_c4
_i60908
_f2021-11-8
_g7
_lCCODEBUL1
_mBUL
_p75.00
_r1
_sY
_tBOOK
_u2015-6-25
_xTEOLOGIA
_zUNKNOWN
_0COMPRA
_o.CIRCNOTE. No olvidar cambiar la fecha de devolución!!!!!!!
_o.STAFF. Colección Teología
999 _aRC 209 D96
_wDEWEY
_c2
_i55922
_d2018-11-5
_f2021-11-8
_g7
_lCCODEBUL1
_mBUL
_p75.00
_q2
_r1
_sY
_tBOOK
_u2015-6-25
_xTEOLOGIA
_zUNKNOWN
_0COMPRA
_o.CIRCNOTE. No olvidar cambiar la fecha de devolución!!!!!!!
_o.STAFF. Colección Teología
999 _aRC 209 D96
_wDEWEY
_c3
_i59255
_f2021-11-8
_g7
_lCCODEBUL1
_mBUL
_p75.00
_r1
_sY
_tBOOK
_u2015-6-25
_xTEOLOGIA
_PP35
_0COMPRA
_o.CIRCNOTE. No olvidar cambiar la fecha de devolución!!!!!!!
_o.STAFF. Colección Teología
980 _81
_gALBERTO SANCHEZ Responsable de Automatización